| 000 | 00448nam a22001697a 4500 | ||
|---|---|---|---|
| 003 | OSt | ||
| 008 | 260508b |||||||| |||| 00| 0 eng d | ||
| 082 |
_a633.11 _bM29R |
||
| 100 | _aMandal, Umesh Prasad | ||
| 245 | _aResponse of Wheat Varities to Different Nitrogen Levels under Rainfed Conditions | ||
| 260 |
_aPusa, Samastipur _bRAU _c1987 |
||
| 300 | _a65P. | ||
| 502 |
_bMsc. _d1987 |
||
| 650 | _aAgronomy | ||
| 650 | _aMsc. | ||
| 942 |
_2ddc _cT |
||
| 999 |
_c50516 _d50516 |
||